| 000 | 00673nam a2200217 a 4500 | ||
|---|---|---|---|
| 001 | 091029 | ||
| 003 | BD-ChCU | ||
| 008 | Ben | ||
| 020 | _a | ||
| 040 |
_aDLC _cDLC _dBD-ChCU |
||
| 082 | 0 | 0 | _a১৮১.১১/অ ঠা তা |
| 100 | 1 |
_aঠাকুর, অমিতেনদ্রনাথ _b- |
|
| 245 | 1 | 0 |
_aতাও-তে-চিং; লাও-তস কথিত জীবনবাদ _b- |
| 250 | _a*** | ||
| 260 |
_aনিউ দিল্লী _bসাহিত্য অকাদেমী _c১৯৯১ |
||
| 300 | _a** | ||
| 504 | _a- Biblio- | ||
| 650 | 0 |
_aদর্শন, চিনা _bদর্শন |
|
| 700 | 1 | _a- | |
| 942 |
_2ddc _cBK |
||
| 999 |
_c91029 _d91029 |
||